00525nam a22001575i 4500001000700000003000900007005001700016008004100033100003400074245005400108260004200162300003100204600005700235700002500292852005000317163471ES-MaACL20250704063121.0940615s1874 fr |||| | fre d1 aRibot, Théodule,d1839-191613aLa philosophie de Schopenhauer / cpar Th. Ribot. aParis : bGermer Bailtière, c1874. a[6], 180, 24 p. ; c18 cm.14aSchopenhauer, Arthur-xCrítica e interpretación.1 aBaillière, Germer. aES-MaACLjF-11489 z- Enc. pasta española